Oxidente : (Registro nro. 13252)
[ vista simple ]
| 000 -LIDER | |
|---|---|
| fixed length control field | 00925nam a22002657a 4500 |
| 003 - IDENTIFICACDOR DE NÚMERO DE CONTROL | |
| control field | DO-SdBNP |
| 005 - DATE AND TIME OF LATEST TRANSACTION | |
| control field | 20230516122507.0 |
| 008 - ELEMENTOS DE LONGITUD FIJA | |
| fixed length control field | 180202b 2011 dr||| 00| 0 spa d |
| 020 ## - ISBN | |
| International Standard Book Number | 9789945878004 |
| 040 ## - FUENTE DE CATALOGACIÓN | |
| Agencia que crea de manera original el registro | BPMSU |
| Idioma de catalogación | spa |
| Agencia que realiza la transcripción | BPMSU |
| 082 #4 - NÚMERO DE CLASIFICACIÓN DECIMAL DE DEWEY | |
| Classification number | 808.882 |
| Item number | D249o 2011 |
| Edition number | 22 |
| 100 1# - ASIENTO PRINCIPAL -- NOMBRE PERSONAL | |
| Nombre personal | David, León |
| Títulos u otras palabras asociadas con el nombre | |
| 245 10 - MENCIÓN DE TITULO | |
| Título | Oxidente : |
| Subtítulo | acerca de la extinción del espíritu en la era de la posmodernidad / |
| Mención de responsabilidad | León David |
| 260 ## - PUBLICACIÓN, DISTRIBUCIÓN, ETC. (PIE DE IMPRENTA) | |
| Lugar de publicación, distribución, etc | Santo Domingo : |
| Nombre del editor, distribuidor, etc. | Grupo Santillana; |
| -- | Taurus, |
| Fecha de publicación, distribución, etc | 2011. |
| 300 ## - DESCRIPCIÓN FÍSICA | |
| Extensión | 163 p. ; |
| Dimensiones | 22 cm. |
| 490 1# - MENCIÓN DE SERIES | |
| Mención de serie | Pensamiento |
| 500 ## - NOTA GENERAL | |
| Nota general | Incluye datos biográficos del autor en la solapa de la cubierta |
| 590 ## - NOTA LOCAL | |
| Texto de la nota local | Inventariado, 2023/VM |
| 650 #4 - ENCABEZAMIENTO DE MATERIA--TEMÁTICO | |
| Término temático o nombre geográfico como elemento de entrada | Filosofía |
| Subdivisión de forma | Citas, máximas, etc. |
| 650 #4 - ENCABEZAMIENTO DE MATERIA--TEMÁTICO | |
| Término temático o nombre geográfico como elemento de entrada | Aforismos y apotegmas |
| Subdivisión temática general | Aspectos filosóficos |
| 650 #4 - ENCABEZAMIENTO DE MATERIA--TEMÁTICO | |
| Término temático o nombre geográfico como elemento de entrada | Aforismos y apotegmas |
| Subdivisión temática general | Historia y crítica |
| 830 #0 - ASIENTO SECUNDARIO DE SERIE--TÍTULO UNIFORME | |
| Título uniforme | Pensamiento |
| 910 ## - VALIDACIÓN | |
| Validación | VMateo V. Control de calidad (BPMSU) |
| 942 ## - ADDED ENTRY ELEMENTS (KOHA) | |
| Source of classification or shelving scheme | Dewey Decimal Classification |
| Koha item type | Libros |
| Withdrawn status | Lost status | Source of classification or shelving scheme | Damaged status | Not for loan | Collection code | Home library | Current library | Date acquired | Source of acquisition | Full call number | Barcode | Date last seen | Price effective from | Koha item type | Copy number |
|---|---|---|---|---|---|---|---|---|---|---|---|---|---|---|---|
| Dewey Decimal Classification | Colección Dominicana | Biblioteca Pública Metropolitana Salomé Ureña | Biblioteca Pública Metropolitana Salomé Ureña | 02/02/2018 | ALFAGUARA | BPMSU CD 808.882 D249o 2011 | BPMSU18020032 | 02/02/2018 | 02/02/2018 | Libros | |||||
| Dewey Decimal Classification | Colección Dominicana | Biblioteca Pública Metropolitana Salomé Ureña | Biblioteca Pública Metropolitana Salomé Ureña | 02/02/2018 | ALFAGUARA | BPMSU CD 808.882 D249o 2011 | BPMSU18020033 | 02/02/2018 | 02/02/2018 | Libros | e.2 | ||||
| Dewey Decimal Classification | Colección Dominicana | Biblioteca Pública Metropolitana Salomé Ureña | Biblioteca Pública Metropolitana Salomé Ureña | 02/02/2018 | ALFAGUARA | BPMSU CD 808.882 D249o 2011 | BPMSU18020034 | 02/02/2018 | 02/02/2018 | Libros | e.3 |